000 00333nam a22001457a 4500
020 _a978-0-357-51712-3
082 _a658
100 _aGriffin, Ricky W.
245 _aManagement
250 _a13th
260 _aAustralia:
_bCengage Learning,
_c2022
300 _axxxii, 655p.: ill.; 28cm
500 _aInclude Index
942 _cBK
999 _c22093
_d22093